Κατάλογος Βιβλιοθηκών Mediterranean College

Introduction to marine engineering / (Record no. 10050)

MARC details
000 -LEADER
fixed length control field 01441nam a22002297a 4500
005 - ΗΜΕΡΟΜΗΝΙΑ ΚΑΙ ΩΡΑ ΤΕΛΕΥΤΑΙΑΣ ΕΝΗΜΕΡΩΣΗΣ
Πεδίο ελέγχου 20260115113928.0
006 - FIXED-LENGTH DATA ELEMENTS--ADDITIONAL MATERIAL CHARACTERISTICS
Πεδίο ελέγχου σταθερού μήκους a|||||r|||||||||||
008 - FIXED-LENGTH DATA ELEMENTS--GENERAL INFORMATION
Πεδίο ελέγχου σταθερού μήκους s1996 enka || 001 ||eng d
020 ## - ISBN
ISBN 9780750625302
040 ## - ΠΗΓΗ ΚΑΤΑΛΟΓΟΓΡΑΦΗΣΗΣ
Φορέας πρωτότυπης καταλογογράφησης MC Athens Campus Library
Modifying agency MC Athens Campus Library
Γλώσσα καταλογογράφησης Ελληνικά, Μοντέρνα (1453-)
Κανόνες περιγραφικής καταλογογράφησης AACR2
100 ## - MAIN ENTRY--PERSONAL NAME
Personal name Taylor, D. A.
9 (RLIN) 10269
245 10 - ΤΙΤΛΟΣ ΚΑΙ ΔΗΛΩΣΗ ΥΠΕΥΘΥΝΟΤΗΤΑΣ
Τίτλος Introduction to marine engineering /
Statement of responsibility, etc. D.A. Taylor.
250 ## - EDITION STATEMENT
Edition statement 2nd ed., rev.
260 ## - PUBLICATION, DISTRIBUTION, ETC.
Place of publication, distribution, etc. Oxford ;
-- Boston :
Name of publisher, distributor, etc. Butterworth Heinemann,
Date of publication, distribution, etc. 1996.
300 ## - PHYSICAL DESCRIPTION
Extent 372 p. :
Other physical details ill. ;
Διαστάσεις 24 cm.
500 ## - GENERAL NOTE
Γενική σημείωση Includes index.
520 ## - SUMMARY, ETC.
Summary, etc. This second edition deals comprehensively with all aspects of a ship's machinery from propulsion and steering to deck machinery and electrical equipment with a strong emphasis upon correct and safe procedures. Material has been added and revised to reflect the greater weight now being placed upon the cost-effective operation of ships; in terms of greater equipment reliability, more fuel-efficient engines, the ever-increasing shift towards automatically operated machinery, and the need for fewer engineering crew. This is an invaluable guide for professionals but equally covers the requirements for Class 4 and Class 3 Engineer's Certificates of Competency, the first two years of the Engineer Cadet Training Scheme, and the Engineering Knowledge syllabus for the Master's Certificate.
650 #0 - SUBJECT ADDED ENTRY--TOPICAL TERM
Topical term or geographic name entry element Marine engineering.
650 #0 - SUBJECT ADDED ENTRY--TOPICAL TERM
Topical term or geographic name entry element Engineering
9 (RLIN) 9979
942 ## - ADDED ENTRY ELEMENTS (KOHA)
Koha item type Books
Holdings
Τύπος τεκμηρίου Βιβλιοθήκη Τρέχουσα τοποθεσία Barcode Αριθμός εισαγωγής Ημερομηνία απόκτησης Ταξιθετικό σύμβολο Αριθμός αντιτύπου Κατάσταση απόσυρσης Κατάσταση χαμένου Κατάσταση κατεστραμμένου Μη δανεισμός Σύνολο δανεισμών Ημερομηνία τελευταίας εμφάνισης Η τιμή ισχύει από
Books MC Athens Campus Library MC Athens Campus Library 9780000100580 8253 15/01/2026 623.87 TAY 1           15/01/2026 15/01/2026

MC Athens Campus Library
Πατησίων 94 & Κοδριγκτώνος 13, 104 34
Πελλήνης 8 & Πατησίων 107, 112 51
Τ: +30 210 8899600

MC Thessaloniki Campus Library
Ίωνος Δραγούμη 21, 54625 | Ίωνος Δραγούμη 15, 54625
Τ: +30 2310 287779 – Τ: +30 2314 440300